| 000 | 00375nam a2200157Ia 4500 | ||
|---|---|---|---|
| 008 | 210210b xxu||||| |||| 00| 0 eng d | ||
| 041 | _aeng | ||
| 082 | _a942/188 | ||
| 100 | _aMUNRO (R) | ||
| 245 | _aPrehistoric Britain | ||
| 260 |
_aLondon _bWilliams And Nortgate Limited _c |
||
| 650 | _aPrehistoric | ||
| 650 | _aBritain | ||
| 690 | _aEuropean History | ||
| 906 | _a025595 | ||
| 999 |
_c151476 _d151476 |
||